| 000 | 00780nam0a22002531 4500 | ||
|---|---|---|---|
| 001 | rc\90302 | ||
| 005 | 20250620175403.0 | ||
| 010 |
_a5-88206-002-8 _9100000 |
||
| 035 | _a(NLR Aleph) 005356824 | ||
| 090 |
_a6855908 _c6855911 |
||
| 100 | _a20021216d1992 |||y0rusy50 ca | ||
| 101 | 0 | _arus | |
| 102 | _aRU | ||
| 105 | _aa ||||||||| | ||
| 200 | 1 | _aВязание на спицах | |
| 210 |
_aПетрозаводск _cБизнес - наука - производство _d1992 |
||
| 215 |
_a282, [5] с., [16] л. ил. _cил. _d21 |
||
| 320 | _aПредм. указ.: с. 283-285 | ||
| 700 | 1 |
_aРаскутина _bР.В. _gРузя Владимировна |
|
| 801 | 0 |
_aRU _bNLR _gpsbo |
|
| 801 | 1 |
_aRU _bELAR _2rusmarc |
|
| 852 |
_aNLR _j92-3/3120 |
||
| 942 | _cBOOK | ||
| 980 | _aNB | ||